Zwierzę spotykane w ZOO: - Statystyki

Ogólne statystyki
  • Ten quiz został rozwiązany 199 razy
  • Średni wynik to 5 z 6
Statystyki odpowiedzi
Odpowiedź % Poprawnych
słoń
93%
lew
91%
tygrys
86%
żyrafa
84%
małpa
75%
nosorożec
52%
Nie znaleziono quizów pasujących do podanych kryteriów
Rozkład punktacji
Procent ludzi z każdym wynikiem
Percentyl według liczby udzielonych odpowiedzi
Twoja historia wyników
Nie rozwiązałeś tego quizu